Statistiques concernant Questions sur la première guerre mondiale

Cliquez ici pour prendre le quiz!

Statistiques générales

  • Ce quiz a été pris 300 fois
  • Le résultat moyen est 8 sur 12

Statistiques - réponses

Question Answer % Correct
Les dates de cette guerre1914-1918
100%
Ville où l'assassinat eut lieuSarajevo
87%
Une des batailles les plus sanglantes de cette guerre opposant l'Allemagne et la FranceBataille de Verdun
87%
Cet empire occupait la Turquie et faisant parti des empires centrauxEmpire Ottoman
81%
Masque largement utilisé dans les tranchéesMasque à gaz
76%
L'assassinat de cet archiduc fut l'évènement déclencheur de la guerreFrançois-Ferdinand
67%
Cette figure fictive américaine était sur une affiche de recrutementOncle Sam
57%
Nom de celui qui régnait l'Allemagne (nom de son titre)Kaiser
51%
Dirigeant allemand durant la première guerre mondialeGuillaume II
51%
Nom du pacte mettant fin à cette guerreTraité de Versailles
46%
Ville belge où il eut une grande bataille qui eut 100 000 morts ou disparusYpres
28%
Président américain durant la première guerre mondialeWoodrow Wilson
27%

Distribution des résultats

Percentile par nombre de réponses

% des personnes avec chaque résultat

Votre développement - résultats

Vous n’avez pas pris ce quiz